000 00256nam a2200097Ia 4500
001 1064862
005 20250827001723.0
008 250824s9999 xx 000 0 und d
245 0 _a4. MURAT KANLI TAHT
_cAHMET HALDUN TERZİOĞLU
260 _bPANAMA YAYINLARI
999 _c1064862
_d1064862